Management: (Record no. 347601)

000 -LEADER
fixed length control field 00633 a2200169 4500
020 ## - INTERNATIONAL STANDARD BOOK NUMBER
International Standard Book Number 0205142397 (paperback)
020 ## - INTERNATIONAL STANDARD BOOK NUMBER
International Standard Book Number 9780205142392 (paperback)
082 ## - DEWEY DECIMAL CLASSIFICATION NUMBER
Classification number 658
Author Mark MAN
245 10 - TITLE STATEMENT
Title Management:
Remainder of title concepts, practices and skills: instructor's resource manual /
Statement of responsibility, etc. prepared by R. Wayne Monday and Shane R. Premeaux.
250 ## - EDITION STATEMENT
Edition statement 6th edition ed.
260 ## - PUBLICATION, DISTRIBUTION, ETC.
Place of publication, distribution, etc. [S.l.] :
Name of publisher, distributor, etc. Allyn & Bacon,
Date of publication, distribution, etc. 1993.
300 ## - PHYSICAL DESCRIPTION
Extent 1 v. (unpaged)
700 ## - ADDED ENTRY--PERSONAL NAME
Personal name R. Wayne Monday
9 (RLIN) 121553
700 ## - ADDED ENTRY--PERSONAL NAME
Personal name Shane R. Premeaux
9 (RLIN) 121554
856 40 - ELECTRONIC LOCATION AND ACCESS
Materials specified Amazon.com
Uniform Resource Identifier <a href="http://www.amazon.com/exec/obidos/ASIN/0205142397/chopaconline-20">http://www.amazon.com/exec/obidos/ASIN/0205142397/chopaconline-20</a>
942 ## - ADDED ENTRY ELEMENTS (KOHA)
Institution code [OBSOLETE] NBS
Koha item type Book
Call number prefix 658 MON
Source of classification or shelving scheme
Holdings
Withdrawn status Lost status Damaged status Not for loan Permanent Location Current Location Date acquired Total Checkouts Full call number Barcode Date last seen Price effective from Koha item type
        Central Library (CL) Central Library (CL) 08/28/2013   658 MON NBS926 08/28/2013 08/28/2013 Book
© 2023 Central Library, National University of Sciences and Technology. All Rights Reserved.